|
|
|
|
| LEADER |
00000naa a2200000 i 4500 |
| 001 |
publ144 |
| 005 |
20170403192957.0 |
| 008 |
170403s2008 hu o 000 zxx d |
| 040 |
|
|
|a BGE Publikációtár Repozitórium
|b hun
|
| 100 |
1 |
|
|a Hamburger Béla
|
| 245 |
1 |
0 |
|a Reklám
|b vállalati érdek vagy társadalmi elvárások
|c Hamburger Béla
|h [elektronikus dokumentum]
|
| 260 |
|
|
|a Budapesti Gazdasági Főiskola
|b Budapest
|c 2008
|
| 300 |
|
|
|a 138-144
|
| 490 |
0 |
|
|a Tudományos Évkönyv 2007: Reformok útján
|
| 650 |
|
4 |
|a média- és kommunikációs tudományok
|
| 695 |
|
|
|a Reklámipar
|
| 695 |
|
|
|a Marketing kommunikáció
|
| 856 |
4 |
0 |
|u https://publikaciotar.uni-bge.hu/id/eprint/144/1/hamburger_reklam_vallalati%20erdek.pdf
|z Dokumentum-elérés
|